Online
Catalog

Construyendo autonomía : (Record no. 39147)

MARC details
000 -CABECERA
campo de control de longitud fija 00778nam a2200205 a 4500
001 - NÚMERO DE CONTROL
campo de control 000039657
005 - FECHA Y HORA DE LA ÚLTIMA TRANSACCIÓN
campo de control 20201002033650.0
008 - DATOS DE LONGITUD FIJA--INFORMACIÓN GENERAL
campo de control de longitud fija 130715s2011 cl d 000 0 spa d
020 ## - NÚMERO INTERNACIONAL ESTÁNDAR DEL LIBRO
Número Internacional Estándar del Libro 9789212210841
040 ## - FUENTE DE LA CATALOGACIÓN
Centro catalogador/agencia de origen DO-SdBNP
Lengua de catalogación spa
Centro/agencia transcriptor BNPHU
082 ## - NÚMERO DE LA CLASIFICACIÓN DECIMAL DEWEY
Número de clasificación xxx
245 00 - MENCIÓN DE TÍTULO
Título Construyendo autonomía :
Resto del título Compromisos e indicadores de género /
Mención de responsabilidad, etc. coordinadoras Sonia Montaño Virreira y Karina Batthypany Dighiero ; prólogo Alicia Bárcena.
260 ## - PUBLICACIÓN, DISTRIBUCIÓN, ETC.
Lugar de publicación, distribución, etc. Santiago de Chile :
Nombre del editor, distribuidor, etc. Naciones Unidas,
-- CEPAL,
Fecha de publicación, distribución, etc. 2011.
300 ## - DESCRIPCIÓN FÍSICA
Extensión 307 p. :
Otras características físicas diagrs., ;
Dimensiones 23 cm.
490 1# - MENCIÓN DE SERIE
Mención de serie Cuadernos de la Cepal
Designación de volumen o secuencia 100
700 1# - PUNTO DE ACCESO ADICIONAL--NOMBRE DE PERSONA
Nombre de persona Montaño Virreira, Sonia
9 (RLIN) 65847
700 1# - PUNTO DE ACCESO ADICIONAL--NOMBRE DE PERSONA
Nombre de persona Batthypany Dighiero, Karina
9 (RLIN) 65848
700 1# - PUNTO DE ACCESO ADICIONAL--NOMBRE DE PERSONA
Nombre de persona Bárcena, Alicia,
Término indicativo de función/relación pról.
9 (RLIN) 53433
830 #0 - PUNTO DE ACCESO ADICIONAL DE SERIE-TÍTULO UNIFORME
Título uniforme Cuadernos de la Cepal
Designación de volumen o secuencia 100
9 (RLIN) 3079
Holdings
Estado de retiro Estado de pérdida Restricciones de uso No para préstamo Código de colección Localización permanente Ubicación/localización actual Ubicación en estantería Fecha de adquisición Número de inventario Total de préstamos Signatura topográfica completa Código de barras Fecha visto por última vez Precio válido a partir de Tipo de ítem Koha
      Excluido de préstamo Monografías: Libros y Folletos General General En catalogación 15.07.2013 LF1   xxx 39657-10 25.06.2020 25.06.2020 No se presta

Powered by Koha